书目信息 |
| 题名: |
中国农村改革30年回顾与展望
|
|
| 作者: | 陈锡文 , 赵阳 , 罗丹 著 | |
| 分册: | ||
| 出版信息: | 北京 人民出版社 2008.12 |
|
| 页数: | 12,560页 | |
| 开本: | 24cm | |
| 丛书名: | 强国之路——纪念改革开放30周年重点书系 | |
| 单 册: | ||
| 中图分类: | F320.2 | |
| 科图分类: | ||
| 主题词: | 农村经济--经济体制改革--研究--中国--1978~2008 , 农村经济 , 经济体制改革 | |
| 电子资源: | ||
| ISBN: | 978-7-01-007543-3 | |
| 000 | 01082oam2 2200313 450 | |
| 001 | 010060004316 | |
| 005 | 20120612090302.56 | |
| 010 | @a978-7-01-007543-3@dCNY55.00 | |
| 100 | @a20090110d2008 em y0chiy0110 ea | |
| 101 | 0 | @achi |
| 102 | @aCN@b110000 | |
| 105 | @aak z 001yy | |
| 106 | @ar | |
| 200 | 1 | @a中国农村改革30年回顾与展望@9zhong guo nong cun gai ge 30 nian hui gu yu zhan wang@f陈锡文,赵阳,罗丹著 |
| 210 | @a北京@c人民出版社@d2008.12 | |
| 215 | @a12,560页@c图@d24cm | |
| 225 | 2 | @a强国之路——纪念改革开放30周年重点书系 |
| 320 | @a有索引 | |
| 330 | @a本书内容包括:确立以家庭承包经营为基础、统分结合的双层经营体制;推动农产品流通体制市场化改革;加快农村产业结构优化调整等。 | |
| 461 | 0 | @12001 @a强国之路——纪念改革开放30周年重点书系 |
| 606 | 0 | @a农村经济@x经济体制改革@x研究@y中国@z1978~2008 |
| 606 | 0 | @a农村经济 |
| 606 | 0 | @a经济体制改革 |
| 690 | @aF320.2@v4 | |
| 701 | 0 | @a陈锡文@9chen xi wen@4著 |
| 701 | 0 | @a赵阳@9zhao yang@4著 |
| 701 | 0 | @a罗丹@9luo dan@4著 |
| 801 | 0 | @aCN@bRENTIAN@c20090110 |
| 905 | @b539504-08@dF320.2@e128@f5 | |
| 中国农村改革30年回顾与展望/陈锡文,赵阳,罗丹著.-北京:人民出版社,2008.12 |
| 12,560页:图;24cm.-(强国之路——纪念改革开放30周年重点书系) |
| ISBN 978-7-01-007543-3:CNY55.00 |
| 本书内容包括:确立以家庭承包经营为基础、统分结合的双层经营体制;推动农产品流通体制市场化改革;加快农村产业结构优化调整等。 |
| ● |
| 相关链接 |
|
|
|
|
正题名:中国农村改革30年回顾与展望
索取号:F320.2/128
 
预约/预借
| 序号 | 登录号 | 条形码 | 馆藏地/架位号 | 状态 | 备注 |
| 1 | 539504 | 205395044 | 第一样本阅览室/ [索取号:F320.2/128] | 在馆 | |
| 2 | 539505 | 205395053 | 第一借阅区/ [索取号:F320.2/128] | 在馆 | |
| 3 | 539506 | 205395062 | 第一借阅区/ [索取号:F320.2/128] | 在馆 | |
| 4 | 539507 | 205395071 | 第一借阅区/ [索取号:F320.2/128] | 在馆 | |
| 5 | 539508 | 205395080 | 第一借阅区/ [索取号:F320.2/128] | 在馆 |